000 00606cam a2200217Mu 4500
001 45021
005 20230410120824.0
008 880602s1933 ag 000 0 spa d
041 _aspa
035 _a(OCoLC)80930585
050 1 4 _aHX 36
_bG537d 1933
100 1 _aGiudici, Ernesto.
245 1 0 _aDoctrina y táctica socialista :
_breformismo y marxismo /
_cErnesto Giudici.
260 _aBuenos Aires :
_bEditorial Claridad,
_c[1933].
300 _a63 p.
440 _aManuales de cultura marxista ;
_v20.
650 0 _aCommunism.
650 0 _aSocialism.
942 _2lcc
_cbk
994 _aC0
_bDRFGD
999 _c52538
_d52538